Emerging paradigms in international entrepreneurship / (Record no. 15030)

MARC details
000 -LEADER
fixed length control field 01662cam a2200373 a 4500
001 - CONTROL NUMBER
control field 13533700
003 - CONTROL NUMBER IDENTIFIER
control field mut
005 - DATE AND TIME OF LATEST TRANSACTION
control field 20240606081326.0
008 - FIXED-LENGTH DATA ELEMENTS--GENERAL INFORMATION
fixed length control field 040323s2004 maua b 100 0 eng
010 ## - LIBRARY OF CONGRESS CONTROL NUMBER
LC control number 2004047073
020 ## - INTERNATIONAL STANDARD BOOK NUMBER
International Standard Book Number 184376136X
020 ## - INTERNATIONAL STANDARD BOOK NUMBER
International Standard Book Number 9781843761365
040 ## - CATALOGING SOURCE
Original cataloging agency DLC
Transcribing agency mut
042 ## - AUTHENTICATION CODE
Authentication code pcc
050 00 - LIBRARY OF CONGRESS CALL NUMBER
Classification number HD62.4
Item number .M39 2004
082 00 - DEWEY DECIMAL CLASSIFICATION NUMBER
Classification number 658.1/8
Edition information 22
111 2# - MAIN ENTRY--MEETING NAME
Meeting name or jurisdiction name as entry element McGill Conference on International Entrepreneurship
Number of part/section/meeting (4th :
Date of meeting or treaty signing 2002 :
Location of meeting University of Strathclyde)
245 10 - TITLE STATEMENT
Title Emerging paradigms in international entrepreneurship /
260 ## - PUBLICATION, DISTRIBUTION, ETC.
Place of publication, distribution, etc. Northhampton, MA :
Name of publisher, distributor, etc. Edward Elgar Pub.,
Date of publication, distribution, etc. 2004.
300 ## - PHYSICAL DESCRIPTION
Extent xiv, 381 p. :
Other physical details ill. ;
Dimensions 24 cm.
440 #4 - SERIES STATEMENT/ADDED ENTRY--TITLE
Title The McGill international entrepreneurship series
500 ## - GENERAL NOTE
General note "This edited volume ... stems from the 4th McGill Conference [on International Entrepreneurship] hosted by the Strathclyde International Business Unit, University of Strathclyde, Glasgow, September 2002"--P. .
504 ## - BIBLIOGRAPHY, ETC. NOTE
Bibliography, etc. note Includes bibliographical references.
650 #0 - SUBJECT ADDED ENTRY--TOPICAL TERM
Topical term or geographic name entry element International business enterprises
General subdivision Management
Form subdivision Congresses.
650 #0 - SUBJECT ADDED ENTRY--TOPICAL TERM
Topical term or geographic name entry element Entrepreneurship
Form subdivision Congresses.
650 #0 - SUBJECT ADDED ENTRY--TOPICAL TERM
Topical term or geographic name entry element Small business
General subdivision Computer network resources
Form subdivision Congresses.
650 #0 - SUBJECT ADDED ENTRY--TOPICAL TERM
Topical term or geographic name entry element Internet
Form subdivision Congresses.
650 #0 - SUBJECT ADDED ENTRY--TOPICAL TERM
Topical term or geographic name entry element Globalization
General subdivision Economic aspects
Form subdivision Congresses.
700 1# - ADDED ENTRY--PERSONAL NAME
Personal name Jones, Marian,
Dates associated with a name 1956-
700 1# - ADDED ENTRY--PERSONAL NAME
Personal name Dimitratos, Pavlos,
Dates associated with a name 1967-
906 ## - LOCAL DATA ELEMENT F, LDF (RLIN)
a 7
b cbc
c orignew
d 1
e ocip
f 20
g y-gencatlg
942 ## - ADDED ENTRY ELEMENTS (KOHA)
Source of classification or shelving scheme Library of Congress Classification
Koha item type Books
Holdings
Withdrawn status Lost status Source of classification or shelving scheme Damaged status Not for loan Home library Current library Shelving location Date acquired Source of acquisition Total checkouts Full call number Barcode Date last seen Price effective from Koha item type
    Library of Congress Classification     Murang'a University of Technology Library Murang'a University of Technology Library General stacks 13/12/2017 Donation TFT   HD62.4 .M39 2004 014505 30/08/2024 13/12/2017 Books